Advanced Mathematical Methods (Record no. 8248)

MARC details
000 -LEADER
fixed length control field 00507nam a22001937a 4500
003 - CONTROL NUMBER IDENTIFIER
control field OSt
005 - DATE AND TIME OF LATEST TRANSACTION
control field 20231216112032.0
008 - FIXED-LENGTH DATA ELEMENTS--GENERAL INFORMATION
fixed length control field 231216b |||||||| |||| 00| 0 eng d
020 ## - INTERNATIONAL STANDARD BOOK NUMBER
International Standard Book Number 0521247888
040 ## - CATALOGING SOURCE
Transcribing agency DDC
082 ## - DEWEY DECIMAL CLASSIFICATION NUMBER
Classification number 512 OST 1990
100 ## - MAIN ENTRY--PERSONAL NAME
Personal name Ostaszewski, Adam
9 (RLIN) 16864
245 ## - TITLE STATEMENT
Title Advanced Mathematical Methods
260 ## - PUBLICATION, DISTRIBUTION, ETC. (IMPRINT)
Place of publication, distribution, etc. Cambridge University Press, 1990
300 ## - PHYSICAL DESCRIPTION
Extent xiii,545p; ill: 23cm
504 ## - BIBLIOGRAPHY, ETC. NOTE
Bibliography, etc Appendices, & index included
650 ## - SUBJECT ADDED ENTRY--TOPICAL TERM
Topical term or geographic name as entry element Mathematics
9 (RLIN) 810
942 ## - ADDED ENTRY ELEMENTS (KOHA)
Source of classification or shelving scheme Dewey Decimal Classification
Koha item type Open Shelf
Holdings
Withdrawn status Lost status Source of classification or shelving scheme Damaged status Not for loan Home library Current library Date acquired Source of acquisition Inventory number Total Checkouts Full call number Barcode Date last seen Koha item type Price effective from
    Dewey Decimal Classification     MUST Main Library MUST Main Library 16/12/2023 Purchase 04/20899   512 OST 1990 2023-0745 16/12/2023 Open Shelf  
    Other/Generic Classification Scheme     MUST Main Library MUST Main Library 11/06/2024 Purchase 04/20898   512 OST 1990 2024-20261 11/06/2024 Open Shelf 11/06/2024